Statistics for Noah Kahan - Homesick Lyrics

Click here to take the quiz!

General Stats

  • This quiz has been taken 69 times
    (62 since last reset)
  • The average score is 229 of 250

Answer Stats

Answer% Correct
ho
98%
Home
98%
homesick
98%
I
98%
in
98%
a
96%
and
96%
And
96%
are
96%
because
96%
been
96%
England
96%
find
96%
grew
96%
have
96%
How
96%
if
96%
If
96%
I'm
96%
mean
96%
New
96%
only
96%
reason
96%
The
96%
the
96%
up
96%
Yo
96%
you
96%
ago
94%
bored
94%
could
94%
here
94%
Since
94%
since
94%
so
94%
weather
94%
yet?
94%
ain't
92%
For
92%
got
92%
great
92%
house
92%
is
92%
make
92%
month
92%
my
92%
of
92%
that
92%
tired
92%
you're
92%
bad
90%
bullshit
90%
but
90%
die
90%
from
90%
gold
90%
high
90%
into
90%
it's
90%
lot
90%
makes
90%
motivation
90%
move
90%
photograph
90%
place
90%
sense
90%
taken
90%
That's
90%
will
90%
won
90%
years
90%
anyone
88%
away
88%
back
88%
believe
88%
can't
88%
distance
88%
don't
88%
dreams
88%
every
88%
guy
88%
know
88%
leave
88%
life
88%
myself
88%
Olympic
88%
rest
88%
runner
88%
sailing
88%
school
88%
Some
88%
Spend
88%
Still
88%
such
88%
summer
88%
them
88%
then
88%
This
88%
Time
88%
after
86%
bombers
86%
caught
86%
dirt
86%
Eight
86%
fuck
86%
hibernation
86%
masochistic
86%
months
86%
motherfuckers
86%
Named
86%
roads
86%
stopped
86%
they
86%
Two
86%
what
86%
would
86%
Boston
84%
caring
84%
damn
84%
failing
84%
feel
84%
friends'
84%
grandfathers
84%
moves
84%
organs
84%
slow
84%
smooth
84%
with
84%
'bout
82%
oh
82%
Oh
82%
swear
82%
Well
80%
tryna
75%
no
41%

Score Distribution

Percentile by Number Answered

Percent of People with Each Score

Your Score History

You have not taken this quiz since the last reset